[Event "European Corporate 2nd"]
[Site "Minsk"]
[Date "2019.08.31"]
[Round "9.5"]
[White "Varin, Ilja"]
[Black "Borsuk, Yuriy"]
[Result "1-0"]
[WhiteElo "2000"]
[BlackElo "2269"]
[PlyCount "109"]
[EventDate "2019.08.30"]
[EventType "team-swiss"]
[EventRounds "9"]
[EventCountry "BLR"]
[SourceTitle "EXT 2020"]
[Source "ChessBase"]
[SourceDate "2019.10.17"]
[SourceVersion "1"]
[SourceVersionDate "2019.10.17"]
[SourceQuality "1"]
[WhiteTeam "Kaspersky"]
[BlackTeam "BAM"]
[WhiteTeamCountry "FRA"]
[BlackTeamCountry "BLR"]

1. c4 e5 2. Nc3 Nf6 3. Nf3 Nc6 4. e4 d6 5. Be2 g6 6. 0-0 Bg7 7. d3 0-0 8. h3 Ne8 9. Bg5 f6 10. Bh4 g5 11. Bg3 h6 12. d4 f5 13. exf5 exd4 14. Nb5 Qf6 15. Bd3 a6 16. Na3 Bxf5 17. Nc2 Bxd3 18. Qxd3 Ne5 19. Nxe5 dxe5 20. c5 Kh8 21. Qe4 Qf5 22. Rae1 Qxe4 23. Rxe4 Rd8 24. Bxe5 d3 25. Bxg7+ Kxg7 26. Ne3 Nf6 27. Re7+ Rf7 28. Nf5+ Kg6 29. Rxf7 Kxf7 30. Nxh6+ Kg6 31. Ng4 d2 32. Ne3 Ne4 33. Rd1 Nxc5 34. Nc4 Na4 35. b3 Nc3 36. Rxd2 Rxd2 37. Nxd2 Nxa2 38. Ne4 b6 39. Kf1 Nc1 40. g3 Nxb3 41. Ke2 a5 42. Kd3 Nc5+ 43. Nxc5 bxc5 44. Kc4 a4 45. f3 Kf5 46. h4 gxh4 47. gxh4 Kf4 48. Kc3 Ke3 49. h5 a3 50. h6 a2 51. Kb2 c4 52. h7 c3+ 53. Kxa2 c2 54. h8Q c1Q 55. Qh6+ 1-0

[Event "European Corporate 2nd"]
[Site "Minsk"]
[Date "2019.08.30"]
[Round "1.2"]
[White "Borsuk, Yuriy"]
[Black "Kocheev, Aleksandr"]
[Result "1/2-1/2"]
[WhiteElo "2269"]
[BlackElo "2315"]
[PlyCount "210"]
[EventDate "2019.08.30"]
[EventType "team-swiss"]
[EventRounds "9"]
[EventCountry "BLR"]
[SourceTitle "EXT 2020"]
[Source "ChessBase"]
[SourceDate "2019.10.17"]
[SourceVersion "1"]
[SourceVersionDate "2019.10.17"]
[SourceQuality "1"]
[WhiteTeam "BAM"]
[BlackTeam "Belaruskali"]
[WhiteTeamCountry "BLR"]
[BlackTeamCountry "BLR"]

1. e4 e5 2. Nf3 Nc6 3. Bc4 Nf6 4. d3 Be7 5. c3 0-0 6. 0-0 d6 7. h3 a6 8. Nbd2 Na5 9. Re1 b5 10. Bb3 Nxb3 11. axb3 Re8 12. Nf1 Bf8 13. Bg5 h6 14. Be3 d5 15. Ng3 Bb7 16. Qc2 Qd7 17. Rad1 Rad8 18. c4 Qc6 19. d4 Nxe4 20. Nxe4 dxe4 21. Nxe5 Qd6 22. Bf4 Qf6 23. Bg3 bxc4 24. bxc4 c5 25. Ng4 Qg5 26. Qb3 Ba8 27. Bc7 Rxd4 28. Ne3 Qe7 29. Ba5 Qd7 30. Bc3 Rd3 31. Qb6 f5 32. Qg6 Qf7 33. Qxf7+ Kxf7 34. Nxf5 Red8 35. Ra1 Bb7 36. Ng3 Re8 37. Re2 Bd6 38. Nf5 Be5 39. Bxe5 Rxe5 40. Ne3 Re6 41. Ra5 Re5 42. Ng4 Rg5 43. Kh2 Rd4 44. Ne3 Ke6 45. h4 Rh5 46. Kg3 Kd6 47. b3 Rd3 48. Ra3 Re5 49. Kf4 g6 50. g4 Re7 51. h5 Rf7+ 52. Kg3 Rf3+ 53. Kg2 gxh5 54. gxh5 Ke5 55. Ra5 Kd4 56. Ra3 Kc3 57. Kf1 Kb4 58. Nc2+ Kc3 59. Ne3 Kb4 60. Nc2+ Kc3 61. Ne1 Rd1 62. Rc2+ Kb4 63. Ra4+ Kxb3 64. Raa2 Kb4 65. Ke2 Rd7 66. Nxf3 exf3+ 67. Ke3 a5 68. Rab2+ Ka3 69. Rb5 a4 70. Rc1 Ka2 71. Rc2+ Ka3 72. Rc1 Ka2 73. Ra5 Kb2 74. Rg1 a3 75. Rb5+ Kc3 76. Rxc5 Rd3+ 77. Kf4 Rd2 78. Ra5 Rxf2 79. Rxa3+ Kxc4 80. Rc1+ Kb4 81. Ra7 Bd5 82. Rd7 Rd2 83. Ke3 Re2+ 84. Kf4 Rd2 85. Rf1 Kc5 86. Rxf3 Rd4+ 87. Ke3 Bxf3 88. Rxd4 Bxh5 89. Rh4 Be8 90. Rxh6 Kd5 91. Kf4 Bd7 92. Rh5+ Ke6 93. Re5+ Kf6 94. Rd5 Be6 95. Rd6 Ke7 96. Ke5 Bf7 97. Rd4 Be6 98. Rb4 Ba2 99. Rb7+ Kf8 100. Ra7 Bb3 101. Kf6 Kg8 102. Rg7+ Kh8 103. Kg6 Bc2+ 104. Kh6 Bb3 105. Rb7 Ba2 1/2-1/2

[Event "Orsha blitz op"]
[Site "Orsha"]
[Date "2019.01.19"]
[Round "6"]
[White "Borsuk, Yuriy"]
[Black "Zhigalko, Sergei"]
[Result "0-1"]
[WhiteElo "2385"]
[BlackElo "2695"]
[PlyCount "96"]
[EventDate "2019.01.19"]
[EventType "swiss (blitz)"]
[EventRounds "10"]
[EventCountry "BLR"]
[SourceTitle "CBM 189 Extra"]
[Source "ChessBase"]
[SourceDate "2019.06.03"]
[SourceVersion "1"]
[SourceVersionDate "2019.06.03"]
[SourceQuality "1"]

1. e4 c5 2. Nc3 Nc6 3. Bb5 Nd4 4. Bc4 e6 5. Nge2 Nf6 6. 0-0 a6 7. d3 b5 8. Bb3 Nxb3 9. axb3 Bb7 10. Ng3 d5 11. Qe2 Be7 12. e5 Nd7 13. Nh5 g6 14. Ng3 h5 15. h3 Qc7 16. f4 0-0-0 17. Nh1 Rdg8 18. Nf2 g5 19. fxg5 Bxg5 20. Re1 Bxc1 21. Raxc1 Rg5 22. h4 Rxe5 23. Qf3 Rf5 24. Qh3 Rg8 25. Nh1 b4 26. Ne2 d4 27. Neg3 Rf4 28. Rf1 Rfg4 29. Rxf7 Qe5 30. Rf2 Rxg3 31. Nxg3 Rxg3 32. Qh2 Qe3 33. Rcf1 Rxg2+ 34. Qxg2 Bxg2 35. Kxg2 Kc7 36. Rf7 Qe2+ 37. R1f2 Qg4+ 38. Kf1 Qd1+ 39. Kg2 Qg4+ 40. Kf1 Qxh4 41. Rg7 Qh3+ 42. Ke1 Qe3+ 43. Kf1 Qh3+ 44. Ke1 Kd6 45. Rff7 Ne5 46. Ra7 Qe3+ 47. Kd1 Nf3 48. Rxa6+ Ke5 0-1

[Event "Orsha blitz op"]
[Site "Orsha"]
[Date "2018.02.03"]
[Round "8"]
[White "Sviridov, Valery"]
[Black "Borsuk, Yuriy"]
[Result "0-1"]
[WhiteElo "2429"]
[BlackElo "2346"]
[PlyCount "94"]
[EventDate "2018.02.03"]
[EventType "swiss (blitz)"]
[EventRounds "9"]
[EventCountry "BLR"]
[SourceTitle "CBM 182 Extra"]
[Source "ChessBase"]
[SourceDate "2018.02.23"]
[SourceVersion "1"]
[SourceVersionDate "2018.02.23"]
[SourceQuality "1"]

1. Nf3 d5 2. d4 e6 3. c4 Be7 4. g3 Nf6 5. Bg2 b6 6. 0-0 Bb7 7. cxd5 exd5 8. Nc3 0-0 9. Bf4 Nbd7 10. Rc1 c5 11. dxc5 bxc5 12. Ne5 Nb6 13. a4 a5 14. Qb3 Nh5 15. Bd2 Rb8 16. Nb5 c4 17. Qc2 Bb4 18. Rfd1 Qe7 19. Nf3 Rfd8 20. Bg5 Nf6 21. Nfd4 h6 22. Bf4 Rbc8 23. Nf5 Qe6 24. Bc7 Rxc7 25. Nxc7 Qe5 26. Nb5 Re8 27. e3 Bc8 28. Nfd4 Bd7 29. b3 Rc8 30. bxc4 dxc4 31. Nc3 Qe8 32. Ndb5 Qe5 33. h3 Bf5 34. e4 Be6 35. Qe2 Bd7 36. f4 Qc5+ 37. Kh2 Bc6 38. e5 Nfd5 39. Ne4 Qe7 40. Ned6 Rd8 41. Qxc4 Nxc4 42. Rxc4 Bxd6 43. exd6 Qe2 44. Rcd4 Ne3 45. R4d2 Qc4 46. Bxc6 Qxc6 47. Re1 Qf3 0-1

[Event "BLR-chT"]
[Site "Minsk"]
[Date "2016.04.26"]
[Round "2"]
[White "Terzi, Alexei"]
[Black "Borsuk, Yuriy"]
[Result "1/2-1/2"]
[WhiteElo "2328"]
[BlackElo "2278"]
[PlyCount "97"]
[EventDate "2016.04.25"]
[EventType "team-swiss"]
[EventRounds "7"]
[EventCountry "BLR"]
[SourceTitle "CBM 172 Extra"]
[Source "ChessBase"]
[SourceDate "2016.06.21"]
[SourceVersion "1"]
[SourceVersionDate "2016.06.21"]
[SourceQuality "1"]
[WhiteTeam "Itransition"]
[BlackTeam "BGU"]
[WhiteTeamCountry "BLR"]
[BlackTeamCountry "BLR"]

1. e4 e5 2. Nf3 Nc6 3. Bb5 a6 4. Ba4 Nf6 5. 0-0 b5 6. Bb3 Be7 7. Re1 d6 8. c3 0-0 9. d4 Bg4 10. Be3 Qd7 11. Nbd2 Rad8 12. a4 d5 13. exd5 Nxd5 14. h3 exd4 15. cxd4 Bh5 16. axb5 axb5 17. Qe2 Bb4 18. g4 Bg6 19. Qxb5 Nxd4 20. Qxd7 Nxf3+ 21. Nxf3 Rxd7 22. Red1 Nf6 23. Rdc1 Bd6 24. Ba4 Re7 25. Bc6 Be4 26. Nd4 h5 27. g5 Nd5 28. Bxd5 Bxd5 29. Nf5 Re6 30. Nxd6 cxd6 31. Ra5 Be4 32. Rc7 Rb8 33. Raa7 Bg6 34. Rab7 Rxb7 35. Rxb7 Be4 36. Rb8+ Kh7 37. b4 Re7 38. b5 Rb7 39. Re8 Bf5 40. b6 Bxh3 41. Kh2 Bd7 42. Rf8 Kg6 43. Kg3 Bc6 44. Rc8 Bd7 45. Rd8 Kf5 46. Rf8 Ke6 47. Kf4 Bc6 48. Rc8 Kd5 49. f3 1/2-1/2

[Event "Stockholm 4 Springare"]
[Site "Stockholm"]
[Date "2015.06.30"]
[Round "11"]
[White "Kazakouski, Valery"]
[Black "Borsuk, Yuriy"]
[Result "1-0"]
[WhiteElo "2371"]
[BlackElo "2324"]
[PlyCount "79"]
[EventDate "2015.06.22"]
[EventType "tourn"]
[EventRounds "11"]
[EventCountry "SWE"]
[EventCategory "5"]
[SourceTitle "CBM 167 Extra"]
[Source "ChessBase"]
[SourceDate "2015.09.14"]
[SourceVersion "1"]
[SourceVersionDate "2015.09.14"]
[SourceQuality "1"]

1. d4 d5 2. Nf3 e6 3. g3 Nf6 4. Bg2 Bd6 5. 0-0 0-0 6. c4 c6 7. Qc2 b5 8. c5 Bc7 9. Nbd2 Nbd7 10. e4 dxe4 11. Nxe4 Nxe4 12. Qxe4 Nf6 13. Qc2 Nd5 14. Bg5 Qe8 15. Rfe1 f6 16. Bd2 Bd7 17. Re2 Qf7 18. Rae1 a6 19. Nh4 Rae8 20. Be4 g5 21. Ng2 Qg7 22. Qd3 Ne7 23. Qa3 h6 24. Bc2 Nd5 25. Ne3 Ne7 26. Ba5 Bb8 27. Qd3 f5 28. Bb3 Qf7 29. a3 Nd5 30. Bc2 h5 31. Bd2 g4 32. Ng2 Qf6 33. Bb3 Qf7 34. Bh6 Bc7 35. Bxd5 cxd5 36. Bxf8 Kxf8 37. Qd2 Qh7 38. Nf4 Qf7 39. c6 Bc8 40. Nxd5 1-0

[Event "Stockholm 4 Springare"]
[Site "Stockholm"]
[Date "2015.06.25"]
[Round "5"]
[White "Borsuk, Yuriy"]
[Black "Teterev, Vitaly"]
[Result "1/2-1/2"]
[WhiteElo "2324"]
[BlackElo "2505"]
[PlyCount "72"]
[EventDate "2015.06.22"]
[EventType "tourn"]
[EventRounds "11"]
[EventCountry "SWE"]
[EventCategory "5"]
[SourceTitle "CBM 167 Extra"]
[Source "ChessBase"]
[SourceDate "2015.09.14"]
[SourceVersion "1"]
[SourceVersionDate "2015.09.14"]
[SourceQuality "1"]

1. e4 c5 2. Nc3 d6 3. f4 Nc6 4. Nf3 g6 5. Bb5 Bd7 6. b3 Bg7 7. Bb2 a6 8. Bxc6 Bxc6 9. Qe2 Nf6 10. 0-0-0 0-0 11. Rhe1 b5 12. e5 dxe5 13. fxe5 Nd5 14. Kb1 Rc8 15. d3 a5 16. Nxd5 Bxd5 17. c4 Bxf3 18. Qxf3 a4 19. cxb5 axb3 20. a4 Qa5 21. Re4 c4 22. Rxc4 Rxc4 23. dxc4 Qxa4 24. Qf4 f6 25. e6 f5 26. Rd4 h6 27. Qd2 Rc8 28. Rd8+ Rxd8 29. Qxd8+ Kh7 30. Qd2 Qxc4 31. Bxg7 Kxg7 32. b6 Kf6 33. Kb2 Kxe6 34. b7 Qc7 35. Qe3+ Kd7 36. Qxb3 Qe5+ 1/2-1/2

[Event "Moscow Kolomenskaya op"]
[Site "Moscow"]
[Date "2014.10.09"]
[Round "8"]
[White "Borsuk, Yuriy"]
[Black "Klyuev, Alexander S"]
[Result "1-0"]
[WhiteElo "2300"]
[BlackElo "2181"]
[PlyCount "91"]
[EventDate "2014.10.05"]
[EventType "swiss"]
[EventRounds "9"]
[EventCountry "RUS"]
[SourceTitle "CBM 162 Extra"]
[Source "ChessBase"]
[SourceDate "2014.10.17"]
[SourceVersion "1"]
[SourceVersionDate "2014.10.17"]
[SourceQuality "1"]

1. e4 c5 2. Nc3 d6 3. g3 g6 4. Bg2 Bg7 5. Nge2 Nc6 6. d3 e6 7. Be3 Nge7 8. Qd2 Nd4 9. 0-0 0-0 10. f4 f5 11. Nd1 Qc7 12. c3 Nxe2+ 13. Qxe2 Bd7 14. Nf2 Bc6 15. Rfe1 Rfe8 16. Rad1 b6 17. Bc1 Kh8 18. h4 h5 19. Nh3 Ng8 20. Ng5 d5 21. Bf3 Nf6 22. Qg2 dxe4 23. dxe4 fxe4 24. Nxe4 Nxe4 25. Bxe4 Bxe4 26. Rxe4 Re7 27. Rxe6 Rxe6 28. Qxa8+ Kh7 29. Qf3 Qf7 30. Be3 Re7 31. a3 Qf5 32. Rd2 Bf6 33. Bf2 Qh3 34. Rd3 Bg7 35. Qd1 Bf6 36. Rd8 Rf7 37. Qd5 Kg7 38. Re8 Rd7 39. Qg8+ Kh6 40. Qc4 Rd1+ 41. Re1 Rd2 42. f5 Rxb2 43. Qf4+ Kg7 44. Qc7+ Kh6 45. Be3+ g5 46. Bxg5+ 1-0

[Event "Moscow Kolomenskaya op"]
[Site "Moscow"]
[Date "2014.10.09"]
[Round "7"]
[White "Simantsev, Mikhail"]
[Black "Borsuk, Yuriy"]
[Result "1-0"]
[WhiteElo "2451"]
[BlackElo "2300"]
[PlyCount "68"]
[EventDate "2014.10.05"]
[EventType "swiss"]
[EventRounds "9"]
[EventCountry "RUS"]
[SourceTitle "CBM 162 Extra"]
[Source "ChessBase"]
[SourceDate "2014.10.17"]
[SourceVersion "1"]
[SourceVersionDate "2014.10.17"]
[SourceQuality "1"]

1. d4 d5 2. c4 e6 3. Nc3 Nf6 4. Nf3 Nbd7 5. Bf4 c6 6. e3 Be7 7. Qc2 a6 8. cxd5 exd5 9. Bd3 h6 10. h3 Nf8 11. Ne5 Ne6 12. Bh2 Nd7 13. Nf3 Nf6 14. 0-0 0-0 15. Ne5 c5 16. dxc5 Nxc5 17. Rad1 Qb6 18. Nxd5 Nxd5 19. Bh7+ Kh8 20. Rxd5 Be6 21. Rd4 Rac8 22. Nc4 Bxc4 23. Rxc4 g6 24. b4 Kxh7 25. Rb1 Qa7 26. bxc5 Rxc5 27. Rxc5 Bxc5 28. Be5 Bxe3 29. Bd6 Rd8 30. Qc7 Bxf2+ 31. Kh1 Rg8 32. Be5 b5 33. Qd6 Qc5 34. Qf6 Qa7 1-0

[Event "BLR-ch U20"]
[Site "Minsk"]
[Date "2008.04.17"]
[Round "4"]
[White "Borsuk, Yuriy"]
[Black "Kovalev, Vladislav"]
[Result "1-0"]
[WhiteElo "2269"]
[BlackElo "2306"]
[PlyCount "99"]
[EventDate "2008.04.14"]
[EventType "tourn"]
[EventRounds "9"]
[EventCountry "BLR"]
[EventCategory "2"]
[SourceTitle "EXT 2010"]
[Source "ChessBase"]
[SourceDate "2010.11.25"]
[SourceVersion "1"]
[SourceVersionDate "2010.11.25"]
[SourceQuality "1"]

1. e4 e5 2. Nf3 Nc6 3. Bc4 Nf6 4. Nc3 Nxe4 5. Nxe4 d5 6. Bd3 dxe4 7. Bxe4 Bd6 8. d4 exd4 9. Nxd4 Qe7 10. 0-0 0-0 11. Re1 Bxh2+ 12. Kh1 Be5 13. Bxh7+ Kxh7 14. Qh5+ Kg8 15. Nxc6 bxc6 16. Qxe5 Qxe5 17. Rxe5 Be6 18. Rc5 Bd7 19. Bf4 Rfc8 20. Rd1 Be8 21. b3 Rd8 22. Re1 Rd5 23. Rxd5 cxd5 24. Bxc7 Rc8 25. Re7 Bb5 26. c3 Re8 27. Rxe8+ Bxe8 28. Kh2 Bd7 29. Kg3 Kf8 30. Kf4 Ke7 31. Ke5 Bc8 32. g3 Bb7 33. Kd4 Kd7 34. Bb8 a6 35. Kc5 g6 36. Kb6 Bc8 37. a4 Kd8 38. Be5 Kd7 39. b4 Kd8 40. b5 axb5 41. a5 d4 42. Bf6+ Kd7 43. Bxd4 Kd6 44. a6 Bd7 45. Kb7 Bc6+ 46. Kb8 Kd5 47. a7 b4 48. cxb4 Kxd4 49. b5 Bf3 50. b6 1-0

[Event "BLR-ch U20"]
[Site "Minsk"]
[Date "2008.04.15"]
[Round "2"]
[White "Borsuk, Yuriy"]
[Black "Podolchenko, Evgeniy"]
[Result "1/2-1/2"]
[WhiteElo "2269"]
[BlackElo "2482"]
[PlyCount "39"]
[EventDate "2008.04.14"]
[EventType "tourn"]
[EventRounds "9"]
[EventCountry "BLR"]
[EventCategory "2"]
[SourceTitle "EXT 2010"]
[Source "ChessBase"]
[SourceDate "2010.11.25"]
[SourceVersion "1"]
[SourceVersionDate "2010.11.25"]
[SourceQuality "1"]

1. e4 c5 2. Nf3 d6 3. d4 cxd4 4. Nxd4 Nf6 5. Nc3 g6 6. Be2 Bg7 7. Be3 0-0 8. 0-0 Nc6 9. Qd2 Ng4 10. Bxg4 Bxg4 11. f3 Bd7 12. Nce2 Re8 13. c4 Qa5 14. Nxc6 Qxd2 15. Nxe7+ Rxe7 16. Bxd2 Be6 17. Nc3 Bxc4 18. Rfd1 Rd7 19. b3 Be6 20. Rac1 1/2-1/2

[Event "BLR-ch U20"]
[Site "Minsk"]
[Date "2008.04.14"]
[Round "1"]
[White "Bulanov, Dmitri"]
[Black "Borsuk, Yuriy"]
[Result "1/2-1/2"]
[WhiteElo "2268"]
[BlackElo "2269"]
[PlyCount "65"]
[EventDate "2008.04.14"]
[EventType "tourn"]
[EventRounds "9"]
[EventCountry "BLR"]
[EventCategory "2"]
[SourceTitle "EXT 2010"]
[Source "ChessBase"]
[SourceDate "2010.11.25"]
[SourceVersion "1"]
[SourceVersionDate "2010.11.25"]
[SourceQuality "1"]

1. e4 e5 2. f4 exf4 3. Bc4 Ne7 4. Nc3 Ng6 5. d4 Bb4 6. Qf3 Nc6 7. Nge2 Qg5 8. 0-0 Bxc3 9. Qxc3 Qa5 10. Qb3 0-0 11. Bxf4 Nd8 12. Bg3 d6 13. c3 Be6 14. Bxe6 Nxe6 15. Qxb7 Rab8 16. b4 Qg5 17. Qc6 Qe3+ 18. Rf2 Ng5 19. Nf4 Nxe4 20. Nd5 Qg5 21. Re2 Nxg3 22. hxg3 Qxg3 23. Qxc7 Rb5 24. Re3 Qg5 25. Ne7+ Kh8 26. Nxg6+ Qxg6 27. Qe7 Rg8 28. Rf1 Rf5 29. Rxf5 Qxf5 30. Qe4 Qg5 31. Rf3 h6 32. Qf4 Qe7 33. Re3 1/2-1/2

[Event "BLR-ch"]
[Site "Minsk"]
[Date "2008.01.22"]
[Round "13"]
[White "Lutsko, Igor"]
[Black "Borsuk, Yuriy"]
[Result "1-0"]
[WhiteElo "2429"]
[BlackElo "2268"]
[PlyCount "95"]
[EventDate "2008.01.10"]
[EventType "tourn"]
[EventRounds "13"]
[EventCountry "BLR"]
[EventCategory "9"]
[SourceTitle "CBM 122 Extra"]
[Source "ChessBase"]
[SourceDate "2008.03.04"]
[SourceVersion "1"]
[SourceVersionDate "2008.03.04"]
[SourceQuality "1"]

1. d4 d5 2. c4 e6 3. Nc3 Nf6 4. Bg5 Be7 5. Nf3 0-0 6. e3 Nbd7 7. Rc1 c6 8. Bd3 h6 9. Bh4 a6 10. 0-0 b5 11. c5 a5 12. a3 b4 13. Ne2 bxa3 14. bxa3 Ba6 15. Bxa6 Rxa6 16. Rb1 Ne4 17. Qd3 Ra7 18. Bg3 Qc8 19. Bf4 Bd8 20. Nc3 Nxc3 21. Qxc3 f6 22. Bd6 Rf7 23. e4 dxe4 24. Nd2 f5 25. f3 exf3 26. Nxf3 Bc7 27. Qc4 Bxd6 28. cxd6 Rf6 29. Ne5 Nxe5 30. dxe5 Rff7 31. Rb6 Rfb7 32. Rxc6 Qd7 33. Rxf5 Rb1+ 34. Rf1 Rxf1+ 35. Kxf1 Qf7+ 36. Kg1 Qf5 37. Rc8+ Kh7 38. Qc2 Kg6 39. g4 Qxc2 40. Rxc2 h5 41. Rc7 Ra8 42. Re7 hxg4 43. Rxe6+ Kf5 44. Re7 Rb8 45. d7 Kf4 46. Kf2 Rb2+ 47. Ke1 Ke3 48. d8Q 1-0

[Event "BLR-ch"]
[Site "Minsk"]
[Date "2008.01.19"]
[Round "10"]
[White "Borsuk, Yuriy"]
[Black "Lomako, Pavel"]
[Result "0-1"]
[WhiteElo "2268"]
[BlackElo "2413"]
[PlyCount "72"]
[EventDate "2008.01.10"]
[EventType "tourn"]
[EventRounds "13"]
[EventCountry "BLR"]
[EventCategory "9"]
[SourceTitle "CBM 122 Extra"]
[Source "ChessBase"]
[SourceDate "2008.03.04"]
[SourceVersion "1"]
[SourceVersionDate "2008.03.04"]
[SourceQuality "1"]

1. e4 c6 2. d4 d5 3. Nc3 g6 4. e5 Bg7 5. f4 h5 6. Nf3 Bg4 7. Be2 Nh6 8. Be3 Nf5 9. Bf2 e6 10. Qd2 Nd7 11. h3 Bxf3 12. Bxf3 h4 13. 0-0-0 b5 14. Ne2 Nb6 15. g4 hxg3 16. Nxg3 Nh4 17. Be2 Nc4 18. Bxc4 bxc4 19. Kb1 Rb8 20. Ka1 Bf8 21. Nf1 Nf5 22. Ne3 Bb4 23. c3 Nxe3 24. Qxe3 Be7 25. Qd2 Qa5 26. Qc2 Kd7 27. Rb1 Rb3 28. Be3 Rhb8 29. Bd2 R8b6 30. Rbd1 Ra6 31. Qb1 Qa4 32. Bc1 Rb5 33. Rd2 Qb3 34. h4 Rba5 35. a3 Bxa3 36. bxa3 Qxc3+ 0-1

[Event "BLR-ch"]
[Site "Minsk"]
[Date "2008.01.18"]
[Round "9"]
[White "Mihajlovskij, Sergei"]
[Black "Borsuk, Yuriy"]
[Result "0-1"]
[WhiteElo "2466"]
[BlackElo "2268"]
[PlyCount "166"]
[EventDate "2008.01.10"]
[EventType "tourn"]
[EventRounds "13"]
[EventCountry "BLR"]
[EventCategory "9"]
[SourceTitle "CBM 122 Extra"]
[Source "ChessBase"]
[SourceDate "2008.03.04"]
[SourceVersion "1"]
[SourceVersionDate "2008.03.04"]
[SourceQuality "1"]

1. Nf3 d5 2. c4 e6 3. g3 Nf6 4. Bg2 Be7 5. 0-0 0-0 6. d4 Nbd7 7. Qc2 c6 8. Nbd2 b5 9. c5 Qc7 10. e4 e5 11. Re1 exd4 12. Nxd4 Bxc5 13. N2b3 Bxd4 14. Nxd4 dxe4 15. Bf4 Qb6 16. Qxc6 Qxc6 17. Nxc6 Bb7 18. Ne7+ Kh8 19. Rac1 Nb6 20. Rc7 Bd5 21. b3 Be6 22. Be5 Nbd7 23. Bd4 Rfe8 24. Nc6 a6 25. Ne5 Nxe5 26. Bxe5 Bd5 27. Bb2 Rac8 28. Rec1 Rxc7 29. Rxc7 h6 30. Bxf6 gxf6 31. Kf1 Kg7 32. Ke2 f5 33. Ke3 Rd8 34. Bf1 Rd6 35. Rc2 Be6 36. Be2 Kf6 37. Rc5 Bd5 38. Kf4 Be6 39. Rc2 Rb6 40. b4 Rd6 41. a3 Kg6 42. h3 h5 43. h4 f6 44. Ke3 Bc4 45. Bxc4 bxc4 46. Rxc4 Rd3+ 47. Ke2 Rxa3 48. Rc6 f4 49. gxf4 Kf5 50. Rb6 Rb3 51. Rxa6 Rxb4 52. Kf1 Rb3 53. Kg2 Rf3 54. Ra5+ Kg4 55. f5 Kxh4 56. Ra4 Rf4 57. Ra6 Kg5 58. Ra8 Rg4+ 59. Kh3 Kxf5 60. Ra5+ Kg6 61. f3 exf3 62. Ra1 Kg5 63. Ra5+ f5 64. Ra2 h4 65. Ra1 f2 66. Rf1 Rf4 67. Rxf2 Rg4 68. Ra2 Rg3+ 69. Kh2 Kg4 70. Ra8 f4 71. Rg8+ Kf3 72. Rh8 Rg7 73. Rb8 Re7 74. Rb3+ Kf2 75. Rb4 f3 76. Rb3 Re2 77. Kh3 Re3 78. Rb1 Ke2 79. Rb2+ Kf1 80. Rb1+ Re1 81. Rb3 f2 82. Kh2 Ke2 83. Rb2+ Ke3 0-1

[Event "Wch U18"]
[Site "Kemer"]
[Date "2007.11.20"]
[Round "3"]
[White "Borsuk, Yuriy"]
[Black "Tomczak, Jacek"]
[Result "1/2-1/2"]
[WhiteElo "2249"]
[BlackElo "2443"]
[PlyCount "21"]
[EventDate "2007.11.18"]
[EventType "swiss"]
[EventRounds "11"]
[EventCountry "TUR"]
[SourceTitle "CBM 121 Extra"]
[Source "ChessBase"]
[SourceDate "2008.01.10"]
[SourceVersion "1"]
[SourceVersionDate "2008.01.10"]
[SourceQuality "1"]

1. e4 d5 2. exd5 Qxd5 3. Nc3 Qa5 4. d4 Nf6 5. Nf3 c6 6. Be2 Bf5 7. 0-0 Nbd7 8. Bf4 e6 9. a3 Be7 10. Bd2 Qd8 11. Bc4 1/2-1/2